| 000 | 00810nas a2200217 4500 | ||
|---|---|---|---|
| 005 | 20260515173502.0 | ||
| 008 | 260515b20082016por|r|p|rq||| 10| 00por d | ||
| 040 | _cBR-ViAPE | ||
| 245 | _aMilímetros - revista do audiovisual capixaba | ||
| 260 |
_aVitória _bABD Capixaba _c2008-2016 |
||
| 300 |
_bil. _av. |
||
| 310 | _aAnual | ||
| 362 | _an. 0 (jun. 2008) - n. 6 (2016). | ||
| 500 | _aDisponibilizada apenas a imagem da capa na versão digital, em virtude de restrições de direitos autorais. | ||
| 500 | _aColeção incompleta: disponíveis apenas alguns números do periódico. | ||
| 650 |
_2Audiovisual _xCinema _xEntrevistas _zEspírito Santo |
||
| 651 |
_aEspírito Santo (Brasil) _vPeriódicos |
||
| 710 | _aABD Capixaba | ||
| 942 |
_2ddc _n1 _cPER |
||
| 999 |
_c690 _d690 |
||